[Event "FIDE World Rapid Team"]
[Site "Almaty KAZ"]
[Date "2024.08.03"]
[Round "8.33"]
[White "Mamedov, Edgar"]
[Black "Akhmedinov, Satbek"]
[Result "1-0"]
[WhiteTitle "FM"]
[BlackTitle "FM"]
[WhiteElo "2443"]
[BlackElo "2379"]
[WhiteTeam "Teniz Kazakhstan"]
[BlackTeam "Astana-2"]
[WhiteFideId "13739980"]
[BlackFideId "13714287"]
[EventDate "2024.08.02"]

1. d4 Nf6 2. c4 g6 3. g3 c6 4. Bg2 d5 5. Nf3 Bg7 6. O-O O-O 7. Nbd2 b6 8. b3
Nbd7 9. Bb2 Bb7 10. Rc1 Rc8 11. Ne5 Nxe5 12. dxe5 Ng4 13. cxd5 cxd5 14. Nf3 Rxc1
15. Qxc1 d4 16. Nxd4 Bxg2 17. Kxg2 Nxe5 18. Rd1 Qa8+ 19. Kg1 Rc8 20. Qe3 Rd8 21.
Rd2 a6 22. h3 Bf6 23. f4 Nd7 24. Nf3 Nc5 25. Be5 Rxd2 26. Nxd2 Qd5 27. Bxf6 exf6
28. b4 Nd7 29. a3 Kg7 30. Nf3 a5 31. Nd4 axb4 32. axb4 Qc4 33. Qd2 Qd5 34. Qd3
Nf8 35. g4 Qa8 36. Kf2 Qh1 37. Qf3 Qb1 38. Qc3 Qe4 39. Qe3 Qd5 40. Kg1 Qd6 41.
Qd2 Kg8 42. Nf3 Qc6 43. Kf2 Kg7 44. h4 Ne6 45. f5 Nc7 46. Qd4 Nb5 47. Qf4 Nc3
48. fxg6 hxg6 49. h5 Ne4+ 50. Kg1 Nc3 51. Kf2 Ne4+ 52. Kg1 g5 53. Nd4 Qd5 54.
Nf5+ Kh7 55. Qf3 Qd1+ 56. Kh2 Qb1 57. b5 Nd2 58. Qd5 Qb3 59. Qxd2 Qxb5 60. Qd3
Qe5+ 61. Kg2 Qf4 62. Qd4 Qb8 63. Qxf6 Qa8+ 64. Kf2 Qf8 65. h6 Qc5+ 66. Nd4 Qf8
67. Ne6 1-0

[Event "FIDE World Rapid Team"]
[Site "Almaty KAZ"]
[Date "2024.08.03"]
[Round "8.34"]
[White "Mazhkenov, Alisher"]
[Black "Sapenov, Daniyal"]
[Result "1/2-1/2"]
[BlackTitle "FM"]
[WhiteElo "2118"]
[BlackElo "2311"]
[WhiteTeam "Astana-2"]
[BlackTeam "Teniz Kazakhstan"]
[WhiteFideId "13718983"]
[BlackFideId "13728911"]
[EventDate "2024.08.02"]

1. e4 e5 2. Nf3 Nc6 3. Nc3 Nf6 4. d4 exd4 5. Nxd4 Bb4 6. Nxc6 bxc6 7. Bd3 O-O 8.
O-O d5 9. exd5 cxd5 10. h3 Rb8 11. Be3 c5 12. a3 Bxc3 13. bxc3 Qa5 14. c4 d4 15.
Bd2 Qd8 16. c3 Be6 17. cxd4 Qxd4 1/2-1/2

[Event "FIDE World Rapid Team"]
[Site "Almaty KAZ"]
[Date "2024.08.03"]
[Round "8.35"]
[White "Balabayeva, Xeniya"]
[Black "Tokbayev, Anuar"]
[Result "1-0"]
[WhiteTitle "WIM"]
[WhiteElo "2335"]
[BlackElo "1880"]
[WhiteTeam "Teniz Kazakhstan"]
[BlackTeam "Astana-2"]
[WhiteFideId "13719688"]
[BlackFideId "13724703"]
[EventDate "2024.08.02"]

1. e4 e6 2. d4 d5 3. Nd2 c5 4. exd5 Qxd5 5. Ngf3 cxd4 6. Bc4 Qd7 7. O-O Nf6 8.
Nb3 Nc6 9. Nbxd4 Nxd4 10. Nxd4 a6 11. b3 b5 12. Be2 Bb7 13. Bb2 Bc5 14. Bf3 Rd8
15. Bxb7 Qxb7 16. Qf3 Qxf3 17. Nxf3 Ke7 18. Rfe1 Rd7 19. h3 Rc8 20. Rac1 Bb6 21.
c4 bxc4 22. bxc4 Bc5 23. Re2 Nh5 24. Ne5 Rd6 25. Kf1 f6 26. Nf3 Nf4 27. Re4 Nd3
28. Rc2 Rb8 29. Bc3 Rb1+ 30. Ne1 f5 31. Ree2 Nf4 32. Red2 Rxd2 33. Bxd2 Nd3 34.
Ke2 Nxf2 35. Bg5+ Kf7 36. Nf3 Ne4 37. Ne5+ Ke8 38. Be3 Bxe3 39. Kxe3 Re1+ 40.
Kd4 Rd1+ 41. Nd3 e5+ 42. Ke3 Nf6 43. Nxe5 Re1+ 44. Re2 Rc1 45. Kf4 Rf1+ 46. Nf3+
Kf7 47. Kxf5 g6+ 48. Kg5 Nh5 49. Rb2 Rc1 50. Rb7+ Ke8 51. Rc7 Ng3 52. Kf6 Kd8
53. Rc6 Kd7 54. Ne5+ Kd8 55. Ke6 Re1 56. Rxa6 Ne4 57. Rc6 Ng5+ 58. Kf6 Ne4+ 59.
Kg7 Nc3 60. Nf7+ Kd7 61. Rd6+ Ke7 62. Rd2 Ne4 63. Rc2 Nc5 64. Ng5 Re5 65. h4 Nd7
66. Kxh7 Nf8+ 67. Kg7 Ke8 68. c5 Re7+ 69. Kf6 Rc7 1-0

[Event "FIDE World Rapid Team"]
[Site "Almaty KAZ"]
[Date "2024.08.03"]
[Round "8.36"]
[White "Altynbek, Aiaru"]
[Black "Fedorov, Grigory"]
[Result "1-0"]
[WhiteTitle "WFM"]
[WhiteElo "1990"]
[BlackElo "1904"]
[WhiteTeam "Astana-2"]
[BlackTeam "Teniz Kazakhstan"]
[WhiteFideId "13752472"]
[BlackFideId "4123530"]
[EventDate "2024.08.02"]

1. d4 Nf6 2. c4 g6 3. Nc3 Bg7 4. e4 d6 5. Be2 O-O 6. Be3 e5 7. d5 a5 8. h4 h5 9.
Qd2 Na6 10. f3 Nc5 11. Nh3 Nh7 12. Ng5 f5 13. exf5 Bxf5 14. g4 Bd7 15. gxh5 gxh5
16. Rg1 Nf6 17. Qc2 e4 18. Ncxe4 Ncxe4 19. fxe4 Ng4 20. Bxg4 hxg4 21. O-O-O Qf6
22. e5 Qf5 23. e6 Qxc2+ 24. Kxc2 Be8 25. Rd2 Bg6+ 26. Kc1 Bf5 27. h5 Bh6 28.
Rdg2 Rf6 29. Kd2 Kf8 30. Rf2 Ke7 31. Rgf1 Raf8 32. Nf7 Bxe3+ 33. Kxe3 Bxe6 34.
Rxf6 Bxf7 35. h6 g3 36. R6f3 g2 37. Rg1 Rg8 38. h7 Rh8 39. Rh3 Bg6 40. Rxg2 Kf6
41. Rh6 1-0

[Event "FIDE World Rapid Team"]
[Site "Almaty KAZ"]
[Date "2024.08.03"]
[Round "8.37"]
[White "Zemlyanskii, Ivan"]
[Black "Wafa, Hamed"]
[Result "1-0"]
[WhiteTitle "FM"]
[BlackTitle "IM"]
[WhiteElo "2543"]
[BlackElo "2345"]
[WhiteTeam "Rookies"]
[BlackTeam "Egypt"]
[WhiteFideId "24249971"]
[BlackFideId "10628452"]
[EventDate "2024.08.02"]

1. d4 Nf6 2. c4 e6 3. Bf4 Nh5 4. Bd2 f5 5. g3 g6 6. Bg2 Bg7 7. Nf3 O-O 8. O-O
Nc6 9. Bc3 Nf6 10. d5 exd5 11. cxd5 Ne7 12. d6 cxd6 13. Qxd6 Ne4 14. Qb4 d5 15.
Bxg7 Kxg7 16. Nc3 Nc6 17. Qb3 Nxc3 18. bxc3 Na5 19. Qb4 Qb6 20. Qe7+ Rf7 21.
Qe5+ Qf6 22. Qxd5 Nc6 23. Qd2 f4 24. Nd4 Bd7 25. Rab1 b6 26. Qxf4 Qxf4 27. gxf4
Nxd4 28. cxd4 Rc8 29. e3 Rc2 30. Rfc1 Rd2 31. Bd5 Re7 32. Rc7 Kh6 33. Rxa7 Rc2
34. Rb7 b5 35. Kg2 Kh5 36. Kg3 g5 37. fxg5 Kxg5 38. R1xb5 1-0

[Event "FIDE World Rapid Team"]
[Site "Almaty KAZ"]
[Date "2024.08.03"]
[Round "8.38"]
[White "Hassan, Sayed Barakat"]
[Black "Samadov, Read"]
[Result "0-1"]
[WhiteTitle "IM"]
[BlackTitle "IM"]
[WhiteElo "2279"]
[BlackElo "2509"]
[WhiteTeam "Egypt"]
[BlackTeam "Rookies"]
[WhiteFideId "10600299"]
[BlackFideId "13417444"]
[EventDate "2024.08.02"]

1. e4 c5 2. Nc3 d6 3. f4 Nc6 4. Nf3 g6 5. Bc4 Bg7 6. O-O e6 7. d3 Nge7 8. Qe1
O-O 9. f5 gxf5 10. Bb3 Nd4 11. Qg3 Kh8 12. Qh4 Ng6 13. Qh5 Nxf3+ 14. Rxf3 Qh4
15. Qxh4 Nxh4 16. Rh3 Ng6 17. exf5 exf5 18. Bh6 Bd7 19. Bxg7+ Kxg7 20. Bd5 Rab8
21. a4 Rfe8 22. Rf1 Re5 23. Rhf3 a6 24. a5 Be6 25. Bxe6 fxe6 26. Na4 Re2 27.
R3f2 Rxf2 28. Kxf2 Ne5 29. Re1 Kf7 30. Nb6 Nc6 31. Ra1 Nb4 32. Rc1 e5 33. Ke2
Ke6 34. c3 Nc6 35. Ra1 Rg8 36. g3 h5 37. Ra4 Rg4 38. c4 h4 39. Kf2 Nb4 40. Ra3
hxg3+ 41. hxg3 e4 42. dxe4 fxe4 43. Rb3 Ke5 44. Kg2 Kd4 45. Kh3 Rg6 46. g4 e3
47. Kg3 Nd3 48. Nd5 e2 0-1

[Event "FIDE World Rapid Team"]
[Site "Almaty KAZ"]
[Date "2024.08.03"]
[Round "8.39"]
[White "Shogdzhiev, Roman"]
[Black "Sadek, Sameh"]
[Result "1/2-1/2"]
[WhiteTitle "CM"]
[BlackTitle "FM"]
[WhiteElo "2124"]
[BlackElo "2286"]
[WhiteTeam "Rookies"]
[BlackTeam "Egypt"]
[WhiteFideId "55653537"]
[BlackFideId "10602771"]
[EventDate "2024.08.02"]

1. e4 c5 2. Nf3 a6 3. c4 e6 4. d4 cxd4 5. Nxd4 Nf6 6. Nc3 Qc7 7. Be2 Bb4 8. f3
Bxc3+ 9. bxc3 d6 10. O-O Nbd7 11. Nc2 O-O 12. Ne3 b6 13. Ba3 Nc5 14. Qd2 Bb7 15.
Rab1 Bc6 16. Rfd1 Rfd8 17. Qe1 Ne8 18. Qg3 Na4 19. Rbc1 Qa7 20. Bxd6 b5 21. Kf2
Nxd6 22. Rxd6 Qc5 23. Rxd8+ Rxd8 24. Qc7 Rf8 25. cxb5 axb5 26. Rc2 f5 27. exf5
exf5 28. Kf1 f4 29. Ng4 Bxf3 30. Qxc5 Bxe2+ 31. Rxe2 Nxc5 32. Re5 Rc8 33. Nf2
Na4 34. Ne4 Nxc3 35. Nxc3 Rxc3 36. Rxb5 Rc1+ 37. Kf2 Rc2+ 38. Kf3 Rxa2 39. Rb8+
Kf7 40. Rb7+ Kf6 41. Rb6+ Kg5 42. Rb5+ Kh6 43. Rf5 g5 44. h4 Ra3+ 45. Kf2 g4 46.
Rxf4 g3+ 47. Ke2 Kh5 48. Re4 Ra2+ 49. Kf3 Ra3+ 50. Re3 Rxe3+ 51. Kxe3 Kg4 52.
Ke4 Kxh4 53. Kf4 h6 54. Kf5 h5 1/2-1/2

[Event "FIDE World Rapid Team"]
[Site "Almaty KAZ"]
[Date "2024.08.03"]
[Round "8.40"]
[White "Sameh Mohamed, Abdalrahman"]
[Black "Bivol, Alina"]
[Result "0-1"]
[BlackTitle "IM"]
[WhiteElo "2259"]
[BlackElo "2345"]
[WhiteTeam "Egypt"]
[BlackTeam "Rookies"]
[WhiteFideId "54262674"]
[BlackFideId "4100123"]
[EventDate "2024.08.02"]

1. e4 e5 2. Bc4 Nf6 3. d3 c6 4. Nf3 d5 5. Bb3 Bb4+ 6. Bd2 Bxd2+ 7. Qxd2 O-O 8.
Nc3 Re8 9. Qg5 h6 10. Qd2 Bg4 11. Qe2 Nh5 12. h3 Nf4 13. Qf1 Bxf3 14. gxf3 Na6
15. a3 Nc5 16. Ba2 Nce6 17. O-O-O b5 18. Rg1 Nd4 19. Rg4 a5 20. Nb1 h5 21. Rg3
Nfe2+ 22. Kd2 Nxg3 23. fxg3 Qg5+ 24. f4 Qxg3 25. c3 Qh2+ 26. Ke3 Nc2+ 27. Kf3
Qxf4+ 28. Kg2 Ne3+ 29. Kg1 Nxf1 30. Rxf1 Qg3+ 31. Kh1 Re6 32. exd5 Rg6 0-1

[Event "FIDE World Rapid Team"]
[Site "Almaty KAZ"]
[Date "2024.08.03"]
[Round "8.41"]
[White "Tregubenko, Nikolay"]
[Black "Wafa, Shrook"]
[Result "0-1"]
[BlackTitle "WGM"]
[WhiteElo "2023"]
[BlackElo "2137"]
[WhiteTeam "Rookies"]
[BlackTeam "Egypt"]
[WhiteFideId "34358978"]
[BlackFideId "10609970"]
[EventDate "2024.08.02"]

1. e4 c5 2. Nf3 Nc6 3. d4 cxd4 4. Nxd4 Nf6 5. Nc3 e5 6. Ndb5 d6 7. Bg5 a6 8. Na3
b5 9. Nd5 Be7 10. Bxf6 Bxf6 11. c3 O-O 12. Nc2 Bg5 13. a4 Rb8 14. axb5 axb5 15.
Be2 f5 16. exf5 Bxf5 17. O-O Kh8 18. Nce3 Be6 19. Ra6 Qc8 20. Rb6 Bxe3 21. fxe3
Rxf1+ 22. Bxf1 b4 23. Ba6 Qe8 24. Rb7 bxc3 25. bxc3 Rxb7 26. Bxb7 Nd8 27. Nc7
Qe7 28. Nxe6 Nxe6 29. Bd5 Nc5 30. Qg4 Qd8 31. h4 Nd7 32. Qe6 Nf6 33. Bf3 Qd7 34.
Qb3 g6 35. Qb6 Kg7 36. c4 Qe7 37. Qc6 Ng8 38. h5 Nh6 39. hxg6 hxg6 40. Be4 Ng4
41. c5 Qh4 42. Qd7+ Kh6 43. Bd3 Qf2+ 44. Kh1 Qe1+ 0-1

[Event "FIDE World Rapid Team"]
[Site "Almaty KAZ"]
[Date "2024.08.03"]
[Round "8.42"]
[White "Allam, Yara"]
[Black "Berikkyzy Alanna"]
[Result "1/2-1/2"]
[WhiteTitle "WCM"]
[BlackTitle "WCM"]
[WhiteElo "1920"]
[BlackElo "1869"]
[WhiteTeam "Egypt"]
[BlackTeam "Rookies"]
[WhiteFideId "10615709"]
[BlackFideId "13780719"]
[EventDate "2024.08.02"]

1. e4 c5 2. Nf3 d6 3. d4 cxd4 4. Nxd4 Nf6 5. Nc3 g6 6. Be3 Bg7 7. f3 O-O 8. Qd2
Nc6 9. g4 Be6 10. O-O-O a6 11. h4 Nxd4 12. Bxd4 b5 13. Nd5 Nd7 14. Bxg7 Kxg7 15.
h5 Rh8 16. Qd4+ f6 17. hxg6 hxg6 18. Rxh8 Kxh8 19. Be2 Bxd5 20. Qxd5 Qg8 21.
Rh1+ Kg7 22. Qd2 Rc8 23. Kb1 Kf7 24. f4 Ke8 25. Qd4 Qe6 26. Rh8+ Nf8 27. b3 Kf7
28. c4 Kg7 29. Rh1 bxc4 30. Bxc4 Qxg4 31. Qd5 Rxc4 32. Qxc4 Qxf4 33. Rc1 a5 34.
Qd5 g5 35. Rc7 Ng6 36. Rc8 Qf1+ 37. Kb2 Qe2+ 38. Ka3 Qh5 39. Rg8+ Kh6 40. Qf7 g4
41. Rg7 Qc5+ 42. Kb2 Qd4+ 1/2-1/2

[Event "FIDE World Rapid Team"]
[Site "Almaty KAZ"]
[Date "2024.08.03"]
[Round "8.43"]
[White "Kozganbay, Erkin"]
[Black "Orozbaev, Eldiyar"]
[Result "0-1"]
[WhiteTitle "FM"]
[BlackTitle "FM"]
[WhiteElo "2293"]
[BlackElo "2376"]
[WhiteTeam "Chess Ratel"]
[BlackTeam "Noval Group Kyrgystan"]
[WhiteFideId "13703773"]
[BlackFideId "13802240"]
[EventDate "2024.08.02"]

1. Nf3 d5 2. g3 Bg4 3. Bg2 e6 4. c4 c6 5. cxd5 Bxf3 6. Bxf3 cxd5 7. O-O Nc6 8.
Nc3 Bd6 9. Bg2 h5 10. d3 h4 11. e4 hxg3 12. hxg3 d4 13. Nb5 Be7 14. e5 a6 15.
Na3 Bxa3 16. bxa3 Nge7 17. Rb1 Qd7 18. Qg4 Kf8 19. a4 Nd5 20. Ba3+ Kg8 21. Bb2
Ndb4 22. Qe2 Nxa2 23. Bxd4 Nxd4 24. Qxa2 Qxa4 25. Qd2 Rd8 26. Rxb7 Rh5 27. Re1
Rf5 28. Qe3 Qa5 29. Rb2 Nf3+ 30. Bxf3 Rxf3 31. Qd2 Qd5 32. Re3 Rf5 33. Qe2 Rc8
34. Rb1 g6 35. Re1 Kg7 36. Re4 Rh8 37. Qe3 Rxe5 38. Re2 Rxe4 39. Qxe4 Rd8 40.
Rb2 Qxd3 41. Qe5+ Kg8 42. Rb8 Qd1+ 43. Kg2 Rxb8 44. Qxb8+ Kh7 45. Qa7 Qd5+ 46.
Kg1 e5 47. Qxa6 e4 48. Qf6 Qf5 49. Qh4+ Kg7 50. Qd8 Qe5 51. Qb6 g5 52. Kg2 Qd5
53. Qb2+ Kg6 54. Kh2 Qf5 55. Qd4 Qf3 56. Qb6+ Kh5 57. Qd4 Kg4 58. Qd7+ f5 59.
Qd4 Qd3 60. Qc5 e3 61. fxe3 Qe2+ 62. Kg1 Kxg3 63. Qe5+ Kg4 64. Kh1 Qf1+ 65. Kh2
Qh3+ 0-1

[Event "FIDE World Rapid Team"]
[Site "Almaty KAZ"]
[Date "2024.08.03"]
[Round "8.44"]
[White "Zhakshylykov, Erzhan"]
[Black "Kassimov, Baurzhan"]
[Result "1/2-1/2"]
[WhiteTitle "FM"]
[BlackTitle "IM"]
[WhiteElo "2327"]
[BlackElo "2260"]
[WhiteTeam "Noval Group Kyrgystan"]
[BlackTeam "Chess Ratel"]
[WhiteFideId "13804111"]
[BlackFideId "13704800"]
[EventDate "2024.08.02"]

1. d4 Nf6 2. c4 e6 3. Nc3 d5 4. cxd5 exd5 5. Bg5 Be7 6. e3 c6 7. Bd3 O-O 8. Qc2
Nbd7 9. Nf3 Re8 10. O-O h6 11. Bf4 Nf8 12. h3 Bd6 13. Bxd6 Qxd6 14. Rab1 Ne6 15.
Ne5 c5 16. Nb5 Qe7 17. dxc5 Nxc5 18. Nf3 a6 19. Nc3 Nce4 20. Rbc1 Ng5 21. Nxg5
hxg5 22. Qa4 Qe5 23. Be2 Bd7 24. Qb4 a5 25. Qb6 g4 26. hxg4 Bxg4 27. Rfd1 Qh5
28. f3 Be6 29. Qd4 Rad8 30. Kf2 Qf5 31. Bd3 Qg5 32. Rh1 Ne4+ 33. fxe4 dxe4 34.
Qxe4 Bf5 35. Rh5 Bxe4 36. Rxg5 Bxd3 37. Rxa5 Rd6 38. Ra4 g5 39. Rd4 Rf6+ 40. Kg1
Bg6 41. Nd5 Rf5 42. Rc7 Kg7 43. Rxb7 g4 44. Ne7 Rg5 45. Rf4 g3 46. Nxg6 Kxg6 47.
Rbxf7 Rxe3 48. R7f6+ Kg7 49. Rf1 Re2 50. Rb6 Rd5 51. Rb3 Rg5 52. a4 Kh6 53. a5
Rxa5 54. Rxg3 Rxb2 55. Rf6+ Kh7 56. Rf7+ Kh6 57. Rf6+ Kh7 58. Rf1 Rb7 59. Rg4
Rab5 60. Rf2 Rb1+ 61. Kh2 R1b4 62. Rg5 R4b5 63. Rxb5 Rxb5 64. g4 Rb3 65. Kg2 Kg6
66. Rf3 Rxf3 67. Kxf3 1/2-1/2

[Event "FIDE World Rapid Team"]
[Site "Almaty KAZ"]
[Date "2024.08.03"]
[Round "8.45"]
[White "Nukin, Askhat"]
[Black "Sharshenbekov, Emir"]
[Result "0-1"]
[WhiteTitle "FM"]
[BlackTitle "CM"]
[WhiteElo "2268"]
[BlackElo "2078"]
[WhiteTeam "Chess Ratel"]
[BlackTeam "Noval Group Kyrgystan"]
[WhiteFideId "13703625"]
[BlackFideId "13810634"]
[EventDate "2024.08.02"]

1. e4 c5 2. Nf3 d6 3. d4 cxd4 4. Nxd4 Nf6 5. Nc3 a6 6. Be2 g6 7. Be3 Bg7 8. Qd2
Nbd7 9. Bh6 Bxh6 10. Qxh6 b5 11. a3 Bb7 12. O-O Qb6 13. Rad1 O-O-O 14. Rfe1 Kb8
15. Qd2 Rc8 16. Bf1 Ne5 17. Nb3 h5 18. Nd5 Nxd5 19. exd5 h4 20. h3 g5 21. a4 g4
22. Rxe5 dxe5 23. hxg4 Rhd8 24. Qe1 b4 25. Qxe5+ Qc7 26. Qe1 a5 27. Nd4 Rxd5 28.
Nb5 Qe5 29. Qxe5+ Rxe5 30. Rd7 Rxc2 31. f4 Re1 32. Rd8+ Rc8 33. Rd2 Rcc1 34. Rf2
Be4 0-1

[Event "FIDE World Rapid Team"]
[Site "Almaty KAZ"]
[Date "2024.08.03"]
[Round "8.46"]
[White "Iunusov, Nuriddin"]
[Black "Ulkhanov, Azamat"]
[Result "0-1"]
[WhiteTitle "CM"]
[WhiteElo "1925"]
[BlackElo "2006"]
[WhiteTeam "Noval Group Kyrgystan"]
[BlackTeam "Chess Ratel"]
[WhiteFideId "13803026"]
[BlackFideId "13700235"]
[EventDate "2024.08.02"]

1. e4 e6 2. d4 d5 3. Nc3 Nf6 4. Bg5 Be7 5. e5 Nfd7 6. h4 c5 7. Nb5 f6 8. exf6
Nxf6 9. Bf4 O-O 10. Nh3 Nc6 11. dxc5 Bxc5 12. Nc3 e5 13. Bg5 Be6 14. Bb5 Qb6 15.
Bxc6 bxc6 16. Na4 Qb4+ 17. c3 Qe4+ 18. Kd2 Bd6 19. f3 Qg6 20. Qe2 h6 21. Bxf6
Rxf6 22. Rae1 Bd7 23. Kc1 Re8 24. b3 e4 25. Qd1 Qxg2 26. Reg1 Qxa2 27. fxe4 Ba3+ 0-1

[Event "FIDE World Rapid Team"]
[Site "Almaty KAZ"]
[Date "2024.08.03"]
[Round "8.47"]
[White "Gein, Dmitriy"]
[Black "Lesbekova, Assel"]
[Result "1/2-1/2"]
[BlackTitle "WCM"]
[WhiteElo "1723"]
[BlackElo "1903"]
[WhiteTeam "Chess Ratel"]
[BlackTeam "Noval Group Kyrgystan"]
[WhiteFideId "13781022"]
[BlackFideId "13713248"]
[EventDate "2024.08.02"]

1. c4 e6 2. Nc3 d5 3. d4 a6 4. cxd5 exd5 5. Nf3 h6 6. Bf4 Nf6 7. e3 Bd6 8. Bxd6
Qxd6 9. Qc2 Nbd7 10. Bd3 O-O 11. O-O c5 12. dxc5 Nxc5 13. Rac1 Nxd3 14. Qxd3 Bg4
15. Nd4 Rfd8 16. h3 Bh5 17. Nf5 Qd7 18. Ng3 Bg6 19. Qd4 Rac8 20. Rfd1 Rc4 21.
Qb6 Rdc8 22. Rd4 Rxd4 23. Qxd4 Rc4 24. Qe5 d4 25. exd4 Rxd4 26. Nce2 Rd1+ 27.
Rxd1 Qxd1+ 28. Kh2 Qd5 29. Qb8+ Kh7 30. Nf4 Qxa2 31. Qxb7 Qc4 32. Nxg6 fxg6 33.
Qb6 Qb5 34. Qxb5 axb5 35. Ne2 Ne4 36. Nd4 Nd6 37. Kg3 Kg8 38. Kf3 Kf7 39. Ke2
Kf6 40. f4 g5 41. g3 gxf4 42. gxf4 g5 43. Kf3 b4 44. b3 Nf5 45. Nc2 h5 46. fxg5+
Kxg5 47. Nxb4 Nd4+ 1/2-1/2

[Event "FIDE World Rapid Team"]
[Site "Almaty KAZ"]
[Date "2024.08.03"]
[Round "8.48"]
[White "Nurdin Uulu, Sardarbek"]
[Black "Momyn, Madina"]
[Result "0-1"]
[WhiteElo "1908"]
[BlackElo "1733"]
[WhiteTeam "Noval Group Kyrgystan"]
[BlackTeam "Chess Ratel"]
[WhiteFideId "13800183"]
[BlackFideId "13748866"]
[EventDate "2024.08.02"]

1. e4 c6 2. d4 d5 3. e5 Bf5 4. h4 h5 5. Bd3 Bxd3 6. Qxd3 e6 7. c3 Nd7 8. Nd2 Ne7
9. Ne2 Nf5 10. Nf3 Be7 11. Bg5 c5 12. Bxe7 Qxe7 13. Nf4 cxd4 14. cxd4 Rc8 15. a3
Nb6 16. Nxh5 Rxh5 17. g4 Nxd4 18. Qxd4 Rh8 19. b3 Qc7 20. Ke2 Qc2+ 21. Nd2 Qc6
22. h5 Ke7 23. g5 Qb5+ 24. Qd3 Qxd3+ 25. Kxd3 Nd7 26. f4 Nc5+ 27. Ke3 Nxb3 28.
Rab1 Na5 29. Kd3 b6 30. h6 g6 31. h7 Nc4 32. Rbc1 Rxh7 33. Nxc4 dxc4+ 34. Kc3
Rxh1 35. Rxh1 Rc5 36. Rh8 a6 37. Ra8 Ra5 38. Ra7+ Kf8 39. Kb4 c3 40. Rc7 Rd5 41.
Kxc3 Rd1 42. Rb7 Rb1 43. Kc2 Rb5 44. a4 Rb4 45. a5 bxa5 46. Ra7 Rxf4 47. Rxa6
Rf5 48. Rxa5 Rxg5 49. Kd3 Rf5 50. Ke4 Kg7 51. Ra1 g5 52. Ra2 Kg6 53. Ra8 Rf4+
54. Ke3 Kf5 55. Ra5 Re4+ 56. Kf3 Rxe5 57. Ra7 f6 58. Ra4 Rc5 59. Rb4 Rc3+ 60.
Kg2 g4 61. Ra4 e5 62. Ra5 Kf4 63. Ra2 f5 64. Rf2+ Rf3 65. Ra2 e4 66. Ra4 Rg3+
67. Kh2 Rb3 68. Ra5 Rb2+ 69. Kh1 e3 70. Ra1 e2 71. Re1 Ke3 72. Kg2 f4 73. Kh2 f3 0-1

[Event "FIDE World Rapid Team"]
[Site "Almaty KAZ"]
[Date "2024.08.03"]
[Round "8.1"]
[White "Annaberdiyev, Meylis"]
[Black "Tologon tegin, Semetei"]
[Result "1-0"]
[WhiteTitle "GM"]
[BlackTitle "IM"]
[WhiteElo "2431"]
[BlackElo "2337"]
[WhiteTeam "TKM Chess"]
[BlackTeam "Kyrgyz Chess Academy"]
[WhiteFideId "14000563"]
[BlackFideId "13800574"]
[EventDate "2024.08.02"]

1. e4 c5 2. Nf3 Nc6 3. Bb5 d6 4. d4 cxd4 5. Qxd4 e5 6. Qd3 h6 7. O-O Nf6 8. c4
Bd7 9. Nc3 a6 10. Bxc6 Bxc6 11. Rd1 Be7 12. Nh4 Bd7 13. b3 O-O 14. Nf5 Bxf5 15.
exf5 Qc7 16. Be3 Rfd8 17. Rac1 Rab8 18. Nd5 Nxd5 19. Qxd5 Qc6 20. a4 Kf8 21. g3
Bg5 22. Qd2 Be7 23. h4 Qf3 24. Ba7 Ra8 25. Bb6 Rdc8 26. Qd3 Qxd3 27. Rxd3 Rc6
28. Be3 Bd8 29. Rcd1 Bc7 30. Kg2 Ke7 31. Kf3 Rb8 32. Ke4 b5 33. axb5 axb5 34.
Kd5 Ra6 35. c5 dxc5 36. Bxc5+ Bd6 37. Bxd6+ Rxd6+ 38. Kxe5 Rxd3 39. Rxd3 Rb6 40.
Rd5 g6 41. fxg6 fxg6 42. Kd4 Rb8 43. h5 Kf7 44. hxg6+ Kxg6 45. Kc5 h5 46. f4 b4
47. Kc4 Kh6 48. Rg5 Rb7 1-0

[Event "FIDE World Rapid Team"]
[Site "Almaty KAZ"]
[Date "2024.08.03"]
[Round "8.2"]
[White "Erzhanov, Arman"]
[Black "Turayev, Shahruh"]
[Result "0-1"]
[WhiteTitle "FM"]
[WhiteElo "2114"]
[BlackElo "2097"]
[WhiteTeam "Kyrgyz Chess Academy"]
[BlackTeam "TKM Chess"]
[WhiteFideId "4138821"]
[BlackFideId "14003856"]
[EventDate "2024.08.02"]

1. e4 e6 2. d4 d5 3. Nd2 c5 4. exd5 Qxd5 5. Ngf3 cxd4 6. Bc4 Qd6 7. Qe2 Nf6 8.
Nb3 Nc6 9. Bg5 Qb4+ 10. Bd2 Qb6 11. O-O-O a5 12. Bg5 Be7 13. Nbxd4 O-O 14. Rhe1
a4 15. a3 Ra5 16. Be3 Bc5 17. Nxc6 Bxe3+ 18. Qxe3 Qxc6 19. Ba2 Rc5 20. Rd2 b6
21. g3 Bb7 22. Ne5 Qc7 23. Nd3 Ra5 24. Qf4 Qxf4 25. Nxf4 g5 26. Nd3 Kg7 27. f4
h6 28. Ne5 Bd5 29. Bb1 Be4 30. Nc4 Ra6 31. Rd6 Rb8 32. Ne5 Ra7 33. c3 Bd5 34.
Nc6 Bxc6 35. Rxc6 Rd7 36. Bc2 b5 37. fxg5 hxg5 38. Rc5 Rd5 39. Rxd5 Nxd5 40. Bd3
Rb6 41. Kd2 f5 42. Ke2 Kf6 43. Kf2 e5 44. Bf1 e4 45. Rd1 Ke5 46. Rd4 f4 47. Rd1
Ne3 48. Rd8 Nxf1 49. Kxf1 Rd6 50. Re8+ Kf5 51. Ke2 f3+ 52. Ke1 g4 53. Rf8+ Ke5
54. Re8+ Kd5 55. Rg8 Kc4 56. Rxg4 Kd3 57. Rf4 Ke3 58. h3 f2+ 59. Rxf2 Rd1+ 60.
Kxd1 Kxf2 0-1

[Event "FIDE World Rapid Team"]
[Site "Almaty KAZ"]
[Date "2024.08.03"]
[Round "8.3"]
[White "Halynyazov, Vepaly"]
[Black "Markov, Mikhail KGZ"]
[Result "1/2-1/2"]
[BlackTitle "IM"]
[WhiteElo "2049"]
[BlackElo "2255"]
[WhiteTeam "TKM Chess"]
[BlackTeam "Kyrgyz Chess Academy"]
[WhiteFideId "14004020"]
[BlackFideId "13800698"]
[EventDate "2024.08.02"]

1. d4 d5 2. Nf3 e6 3. g3 Nf6 4. Bg2 Be7 5. O-O O-O 6. c4 Nbd7 7. Nc3 dxc4 8. Qc2
c6 9. Rd1 a6 10. a4 Nd5 11. e4 Nb4 12. Qe2 Nd3 13. Nd2 b5 14. axb5 cxb5 15. Nxb5
Rb8 16. Na3 Nxb2 17. Bxb2 Rxb2 18. Naxc4 Rb5 19. e5 Nb6 20. Nxb6 Rxb6 21. Nc4
Rb5 22. Bc6 Rb4 23. d5 exd5 24. Bxd5 Qc7 25. Nd6 Bg4 26. Bf3 Bxf3 27. Qxf3 Rb6
28. Qd5 Rc6 29. h4 Rc5 30. Qd4 a5 31. h5 h6 32. Ra2 Rd8 33. Rad2 Bg5 34. Rb2
Rxe5 35. Qxe5 Bf6 36. Qe8+ Rxe8 37. Nxe8 Qe5 38. Nxf6+ gxf6 39. Rd8+ Kg7 40.
Rbb8 f5 41. Rg8+ Kh7 42. Rgf8 Kg7 43. Rg8+ Kh7 44. Rgf8 Kg7 45. Rg8+ Kf6 46.
Rb6+ Ke7 1/2-1/2